[Event "Perm op 05"]
[Site "Perm"]
[Date "2007.05.23"]
[Round "6"]
[White "Losev, Anatoly"]
[Black "Batalova, Elena"]
[Result "1-0"]
[WhiteElo "1983"]
[BlackElo "1670"]
[PlyCount "79"]
[EventDate "2007.05.16"]
[EventType "swiss"]
[EventRounds "9"]
[EventCountry "RUS"]
[SourceTitle "EXT 2008"]
[Source "ChessBase"]
[SourceDate "2007.11.25"]
[SourceVersion "1"]
[SourceVersionDate "2007.11.25"]
[SourceQuality "1"]

1. e4 c6 2. Nf3 d5 3. Nc3 dxe4 4. Nxe4 Bf5 5. Ng3 Bg6 6. Ne5 Nd7 7. Nxg6 hxg6 8. b3 Ngf6 9. Bb2 e6 10. d4 Qa5+ 11. c3 Bd6 12. Qf3 Qc7 13. 0-0-0 Bxg3 14. fxg3 0-0-0 15. Bd3 c5 16. Bc2 cxd4 17. cxd4 Nb6 18. Kb1 Kb8 19. h3 Nbd5 20. Rc1 Qd6 21. Rhe1 Rc8 22. Bd3 Rxc1+ 23. Rxc1 Rc8 24. Bc4 Qd7 25. a4 a6 26. Qe2 Qd6 27. Qe5 Qxe5 28. dxe5 Nh5 29. g4 Nhf4 30. Rf1 g5 31. g3 Ne3 32. gxf4 Nxf1 33. Bxf1 gxf4 34. h4 Rh8 35. h5 g6 36. Be2 gxh5 37. gxh5 b5 38. Bc1 bxa4 39. bxa4 Kb7 40. Bxf4 1-0

[Event "Perm op 05"]
[Site "Perm"]
[Date "2007.05.22"]
[Round "5"]
[White "Zubkov, Mikhail"]
[Black "Batalova, Elena"]
[Result "0-1"]
[WhiteElo "1630"]
[BlackElo "1670"]
[PlyCount "40"]
[EventDate "2007.05.16"]
[EventType "swiss"]
[EventRounds "9"]
[EventCountry "RUS"]
[SourceTitle "EXT 2008"]
[Source "ChessBase"]
[SourceDate "2007.11.25"]
[SourceVersion "1"]
[SourceVersionDate "2007.11.25"]
[SourceQuality "1"]

1. e4 c6 2. d3 d5 3. Nd2 dxe4 4. dxe4 Nf6 5. g3 e5 6. Bg2 Bc5 7. Ne2 0-0 8. 0-0 Be6 9. h3 Qb6 10. c3 Na6 11. Re1 Bxf2+ 12. Kh2 Bxe1 13. Qxe1 Nc5 14. g4 Rad8 15. Qg3 Nd3 16. Nf1 Qf2 17. Qxf2 Nxf2 18. Be3 N6xe4 19. Bxa7 Ra8 20. Be3 Bd5 0-1

[Event "Perm op 01-B"]
[Site "Perm"]
[Date "2007.01.24"]
[Round "6"]
[White "Goldshtein, Grigory"]
[Black "Batalova, Elena"]
[Result "1-0"]
[WhiteElo "2185"]
[BlackElo "1651"]
[PlyCount "53"]
[EventDate "2007.01.17"]
[EventType "swiss"]
[EventRounds "8"]
[EventCountry "RUS"]
[SourceTitle "EXT 2019"]
[Source "ChessBase"]
[SourceDate "2018.10.10"]
[SourceVersion "1"]
[SourceVersionDate "2018.10.10"]
[SourceQuality "1"]

1. d4 Nf6 2. Nf3 c5 3. c4 g6 4. Nc3 Bg7 5. e4 cxd4 6. Nxd4 0-0 7. Be3 Nc6 8. Be2 b6 9. 0-0 Bb7 10. f3 Ne8 11. Qd2 Nc7 12. Rfd1 Nxd4 13. Bxd4 Bxd4+ 14. Qxd4 d6 15. Rac1 Rc8 16. Qe3 Qe8 17. h4 h5 18. f4 f6 19. f5 Kh7 20. Rf1 Rg8 21. Qf3 Rh8 22. Rcd1 Qf7 23. Nd5 Nxd5 24. exd5 g5 25. hxg5 fxg5 26. Bd3 Kh6 27. Rde1 1-0